| 000 -LEADER |
| fixed length control field |
01168cam a22002178i 4500 |
| 001 - CONTROL NUMBER |
| control field |
21314526 |
| 005 - DATE AND TIME OF LATEST TRANSACTION |
| control field |
20221107111602.0 |
| 008 - FIXED-LENGTH DATA ELEMENTS--GENERAL INFORMATION |
| fixed length control field |
191127s2020 enk b 001 0 eng |
| 020 ## - INTERNATIONAL STANDARD BOOK NUMBER |
| International Standard Book Number |
9780367147846x |
| 080 ## - UNIVERSAL DECIMAL CLASSIFICATION NUMBER |
| Universal Decimal Classification number |
378 D-49 |
| 245 00 - TITLE STATEMENT |
| Title |
Delivering educational change in higher education : |
| Remainder of title |
a transformative approach for leaders and practitioners / |
| Statement of responsibility, etc. |
edited by Jackie Potter and Cristina Devecchi. |
| 264 #1 - PRODUCTION, PUBLICATION, DISTRIBUTION, MANUFACTURE, AND COPYRIGHT NOTICE |
| Place of production, publication, distribution, manufacture |
London : |
| Name of producer, publisher, distributor, manufacturer |
Routledge, |
| Date of production, publication, distribution, manufacture, or copyright notice |
2020. |
| 300 ## - PHYSICAL DESCRIPTION |
| Extent |
208 pages ; |
| Other physical details |
23 cm. |
| 490 0# - SERIES STATEMENT |
| Series statement |
Staff and educational development series |
| 653 ## - INDEX TERM--UNCONTROLLED |
| keyword |
უმაღლესი განათლების სფეროში საგანმანათლებლო ცვლილებების განხორციელება |
| 653 ## - INDEX TERM--UNCONTROLLED |
| keyword |
გარდამტეხი მიდგომა ლიდერებისა და პრაქტიკოსებისთვის |
| 700 1# - ADDED ENTRY--PERSONAL NAME |
| Personal name |
Potter, Jackie, |
| Relator term |
editor. |
| 9 (RLIN) |
12596 |
| 700 1# - ADDED ENTRY--PERSONAL NAME |
| Personal name |
Devecchi, Cristina, |
| Relator term |
editor. |
| 9 (RLIN) |
12597 |
| 776 08 - ADDITIONAL PHYSICAL FORM ENTRY |
| Relationship information |
Online version: |
| Title |
Delivering educational change in higher education |
| Place, publisher, and date of publication |
New York : Routledge, 2020. |
| International Standard Book Number |
9780429053405 |
| Record control number |
(DLC) 2019044877 |
| 942 ## - ADDED ENTRY ELEMENTS (KOHA) |
| Source of classification or shelving scheme |
|
| Koha item type |
წიგნი |